000 00261nam a22001217a 4500
008 170629b xxu||||| |||| 00| 0 eng d
041 _aeng
080 _25TH
_a82
100 _a22
101 _aGJL
245 _aTHE LONGMAN READER
_cNADELE, J
942 _2udc
_cBK
999 _c19508
_d19508